Paroles Générique de dessin animé Corneil et Bernie - Statistiques

Statistiques générales
  • Ce quiz a été pris 5 365 fois
  • Le résultat moyen est 74 sur 90
Statistiques - réponses
Paroles % Correct
Bernie
99%
Bernie
99%
Bernie
99%
Bernie
99%
Bernie
99%
Bernie
99%
Corneil
99%
Corneil
99%
Corneil
99%
Corneil
99%
Corneil
99%
et
99%
et
99%
et
99%
Et
99%
et
99%
et
99%
Je
96%
je
96%
je
96%
Je
96%
je
96%
je
96%
je
96%
à
93%
de
92%
Voici
92%
Voici
92%
histoire
91%
ce
90%
ce
90%
mon
90%
L'histoire
89%
L'histoire
89%
parle
89%
joue
87%
si
87%
Si
87%
Si
87%
Mozart
86%
pas
85%
pas
85%
que
84%
que
84%
que
84%
que
84%
c'est
83%
C'est
83%
fort
83%
fort
83%
tu
81%
tu
81%
la
80%
on
80%
On
80%
ça
79%
fini
78%
un
77%
un
77%
vie
76%
belle
75%
apprend
74%
se
72%
veux
72%
Attention
71%
Attention
71%
dis
71%
ne
71%
tout
71%
faire
70%
jour
70%
parles
70%
sache
70%
intérêt
69%
sais
69%
suis
69%
fais
68%
Aïe
67%
génie
67%
lis
66%
est
65%
t'as
65%
trop
61%
car
60%
j'ai
60%
compris
59%
Ouille
59%
nous
52%
Shakespeare
51%
j'écris
49%
Aucun quiz correspondant
Distribution des résultats
% des personnes avec chaque résultat
Percentile par nombre de réponses
Votre historique - résultats
Vous n’avez pas pris ce quiz